000 00658nam a2200217 u 4500
005 20260320064149.0
008 091125s2003 es r 000 0 spa d
020 _a8495948478
035 _aUPN01000173986
049 _aCG
050 4 _aBF575 A6
_bB3.5
100 1 _aBarrantes-Vidal, Neus
245 1 0 _aMiedos y fobias :
_bclaves para afrontar las mil caras de la ansiedad /
_cNeus Barrantes-Vidal .
260 _aMálaga, Esp. :
_bArguval,
_cc2003.
300 _a154 p. :
_bil.
440 0 _aGuías prácticas de educación y psicología ;
_v13
650 7 _aAnsiedad
_2
_94750
650 2 _aMiedo
_915643
650 2 _aFobias
_910077
905 _aLibro
999 _c146090
_d146090